Villes des Balkans - mort subite - Statistiques

Statistiques générales
  • Ce quiz a été pris 410 fois
  • Le résultat moyen est 10 sur 26
Answers on the Grid
Answers color-coded by a green-red scale on the quiz's grid according to % correct below.
Athènes
Sofia
Skopje
Tirana
Belgrade
Bourgas
Sarajevo
Bucarest
Ljubljana
Podgorica
Pristina
Istanbul (moitié ouest)
Zagreb
Thessalonique
Split
Dubrovnik
Novi Sad
Mostar
Varna
Edirne
Izmir
Ankara
Venise
Budapest
Szeged
Debrecen
Odessa
Plzen
Bratislava
Cracovie
Katowice
Sébastopol
Limassol
Nicosie
Bursa
Lviv
Constanța
Banja Luka
Niš
Plovdiv
Rijeka
Durrës
Ústí nad Labem
Brno
Olomouc
Košice
Kiev
Voronej
 
Statistiques - réponses
Réponse % Correct
Zagreb
59%
Sarajevo
55%
Belgrade
54%
Skopje
53%
Podgorica
49%
Pristina
49%
Split
49%
Dubrovnik
48%
Tirana
48%
Sofia
46%
Ljubljana
43%
Novi Sad
41%
Mostar
39%
Athènes
38%
Bucarest
37%
Thessalonique
36%
Niš
29%
Banja Luka
28%
Istanbul (moitié ouest)
28%
Durrës
26%
Rijeka
26%
Varna
25%
Constanța
21%
Plovdiv
21%
Bourgas
10%
Edirne
8%
Aucun quiz correspondant
Distribution des résultats
% des personnes avec chaque résultat
Percentile par nombre de réponses
Votre historique - résultats
Vous n’avez pas pris ce quiz